Send help / (Record no. 22614)

000 -LEADER
fixed length control field 01267nam a22003137a 4500
003 - CONTROL NUMBER IDENTIFIER
control field OSt
005 - DATE AND TIME OF LATEST TRANSACTION
control field 20260417122729.0
008 - FIXED-LENGTH DATA ELEMENTS--GENERAL INFORMATION
fixed length control field 260416b xxu||||| |||| 00| 0 eng d
040 ## - CATALOGING SOURCE
Transcribing agency Cagayan State University
082 ## - DEWEY DECIMAL CLASSIFICATION NUMBER
Classification number 791.4372
Item number Se474
245 ## - TITLE STATEMENT
Title Send help /
Statement of responsibility, etc directed by Sam Raimi ; written by, Damian Shannon, Mark Swift ; produced by Zainab Azizi, Sam Raimi, Jonathan Hook.
260 ## - PUBLICATION, DISTRIBUTION, ETC. (IMPRINT)
Place of publication, distribution, etc United States :
Name of publisher, distributor, etc Raimi Productions, TSG Entertainment,
Date of publication, distribution, etc 2026.
300 ## - PHYSICAL DESCRIPTION
Extent 1 videofile (ca. 113 mins.) :
Other physical details sound, color.
520 ## - SUMMARY, ETC.
Summary, etc A woman and her overbearing boss become stranded on a deserted island after a plane crash. They must overcome past grievances and work together to survive, but ultimately, it's a battle of wills and wits to make it out alive.
546 ## - LANGUAGE NOTE
Language note In English subtittle.
650 ## - SUBJECT ADDED ENTRY--TOPICAL TERM
Topical term or geographic name as entry element Horror
650 ## - SUBJECT ADDED ENTRY--TOPICAL TERM
Topical term or geographic name as entry element Comedy
700 ## - ADDED ENTRY--PERSONAL NAME
Personal name Raimi, Sam, director and producer.
700 ## - ADDED ENTRY--PERSONAL NAME
Personal name Shannon, Damian, writer.
700 ## - ADDED ENTRY--PERSONAL NAME
Personal name Swift, Mark, writer.
700 ## - ADDED ENTRY--PERSONAL NAME
Personal name Azizi, Zainab, producer.
700 ## - ADDED ENTRY--PERSONAL NAME
Personal name Hook, Jonathan, producer.
700 ## - ADDED ENTRY--PERSONAL NAME
Personal name McAdams, Rachel, star.
700 ## - ADDED ENTRY--PERSONAL NAME
Personal name O'Brien, Dylan, star.
700 ## - ADDED ENTRY--PERSONAL NAME
Personal name Ismail, Edyll, star.
700 ## - ADDED ENTRY--PERSONAL NAME
Personal name Haysbert, Dennis, cast.
700 ## - ADDED ENTRY--PERSONAL NAME
Personal name Samuel, Xavier, cast.
942 ## - ADDED ENTRY ELEMENTS (KOHA)
Source of classification or shelving scheme
Item type Audio-Visual Materials
Holdings
Source of acquisition Price effective from Permanent location Date last seen Not for loan Date acquired Source of classification or shelving scheme Koha item type Collection code Shelving location Damaged status Lost status Withdrawn status Current location Full call number
Donation 2026-04-17Cagayan State University - Carig Library2026-04-17 2026-04-17 Audio-Visual MaterialsElectronic Media CenterAudio Visual   Cagayan State University - Carig Library791.4372 Se474

Cagayan State University University Library, Carig Campus
Tuguegarao City, Cagayan 3500 | www.csucarig.edu.ph

Powered by Koha